| 000 | 01175nam a2200301 a 4500 | ||
|---|---|---|---|
| 001 | 000021826 | ||
| 003 | OSt | ||
| 005 | 20231023140603.0 | ||
| 008 | 100913d1986 dr b 000 0 spa d | ||
| 040 |
_aDO-SdBNP _bspa _cBNPHU |
||
| 082 | 4 |
_a331.544 _bM183a _222 |
|
| 100 | 1 |
_aMadruga, José Manuel _936713 |
|
| 245 | 1 | 0 |
_aAzúcar y haitianos en la República Dominicana / _cJosé Manuel Madruga ; prólogo Tomás Calvo Buezas. |
| 260 |
_aSanto Domingo : _bMSC, _c1986. |
||
| 300 |
_a202 p. : _bil., mapas ; _c23 cm. |
||
| 500 | _aIncluye datos biográficos del autor en la contracubierta | ||
| 504 | _aBibliografía : 179-188 | ||
| 590 | _aInventariado, 2018/VM | ||
| 650 | 4 |
_aTrabajadores agrícolas migratorios _zRepública Dominicana _945334 |
|
| 650 | 4 |
_aTrabajadores del azucar _zRepública Dominicana _910114 |
|
| 651 | 4 |
_aRepública Dominicana _xCondiciones económicas _9281 |
|
| 651 | 4 |
_aRepública Dominicana _xCondiciones sociales _946 |
|
| 651 | 4 |
_aHaití _xCondiciones económicas _945335 |
|
| 651 | 4 |
_aHaití _xCondiciones sociales _912666 |
|
| 700 | 1 | 2 |
_aCalvo Buezas, Tomás, _epról. _945336 |
| 910 | _aValidado. Control de calidad MFF | ||
| 942 |
_2ddc _cLBS1 |
||
| 999 |
_c21324 _d21324 |
||